Plan de conservación para aves playeras en Colombia (Registro nro. 8302)
[ vista simple ]
| 000 -CABECERA | |
|---|---|
| Campo de control | 01492nam a22003257a 4500 |
| 005 - FECHA Y HORA DE LA ULTIMA TRANSACCION | |
| Campo de control | 20140321094802.0 |
| 008 - ELEMENTOS DE LONGITUD FIJA—INFORMACION GENERAL | |
| Campo de control | 140321t2010 ck abdogr|||||000|0 spa d |
| 020 ## - ISBN | |
| ISBN | 9789589870143 |
| 041 ## - IDIOMA | |
| Código de idioma para texto/pista de sonido o título separado | Español |
| 044 ## - PAÍS DE PUBLICACIÓN | |
| País de publicación | Colombia |
| 082 ## - NUMERO DE CLASIFICACION DECIMAL DEWEY | |
| Número de clasificación | 598.09861 |
| Número del ítem | C153p |
| 110 2# - ASIENTO PRINCIPAL--NOMBRE CORPORATIVO | |
| Nombre corporativo o de jurisdicción como elemento de entrada | Calidris |
| 245 10 - MENCION DE TITULO | |
| Título | Plan de conservación para aves playeras en Colombia |
| Mención de responsabilidad | Calidris, U.S. Fish & Wildlife Services, Copper River International Migratory Bird Initiative, Forest Services US, R. Johnston-González, C. J. Ruiz-Guerra, D. Eusse-González, L. F. Castillo-Cortés, Y. Cifuentes-Saramiento, P. Falk-Fernández, V. Ramírez De Los Ríos |
| 260 3# - PUBLICACION, DISTRIBUCION, ETC. (PIE DE IMPRENTA) | |
| Lugar de publicación, distribución, etc. | Cali |
| Nombre del editor, distribuidor, etc. | Calidris |
| Fecha de publicación, distribución, etc. | 2009 |
| 300 ## - DESCRIPCION FISICA | |
| Extensión | 32 p. |
| Otros detalles físicos | il., fot., mapas, tablas |
| Dimensiones | 28.5 cm |
| 504 ## - NOTA DE BIBLIOGRAFIA, ETC. | |
| Nota de bibliografía | Incluye biliografía (páginas 34 - 39) |
| 650 #4 - ASIENTO SECUNDARIO DE MATERIA - TERMINO TEMATICO | |
| Término temático o nombre geográfico como elemento de entrada | Aves playeras |
| Subdivisión de forma | Estudio de casos |
| Subdivisión general | Conservación |
| Subdivisión geográfica | Colombia |
| 650 #4 - ASIENTO SECUNDARIO DE MATERIA - TERMINO TEMATICO | |
| Término temático o nombre geográfico como elemento de entrada | Aves playeras |
| Subdivisión de forma | Estudio de amenazas |
| Subdivisión general | Ecosistema |
| Subdivisión geográfica | Colombia |
| 700 1# - ASIENTO SECUNDARIO - NOMBRE PERSONAL | |
| Nombre personal | Johnston-González, R. |
| 700 1# - ASIENTO SECUNDARIO - NOMBRE PERSONAL | |
| Nombre personal | Ruiz-Guerra, C. J. |
| 700 1# - ASIENTO SECUNDARIO - NOMBRE PERSONAL | |
| Nombre personal | Eusse-González, D. |
| 700 1# - ASIENTO SECUNDARIO - NOMBRE PERSONAL | |
| Nombre personal | Castillo-Cortés, L. F. |
| 700 1# - ASIENTO SECUNDARIO - NOMBRE PERSONAL | |
| Nombre personal | Cifuentes-Saramiento, Y. |
| 700 1# - ASIENTO SECUNDARIO - NOMBRE PERSONAL | |
| Nombre personal | Falk-Fernández, P. |
| 700 1# - ASIENTO SECUNDARIO - NOMBRE PERSONAL | |
| Nombre personal | Ramírez De Los Ríos, V. |
| 710 2# - ASIENTO SECUNDARIO - NOMBRE CORPORATIVO | |
| Nombre corporativo o de jurisdicción como elemento de entrada | U.S. Fish & Wildlife Services |
| Unidad subordinada | Department of the Interior |
| 710 2# - ASIENTO SECUNDARIO - NOMBRE CORPORATIVO | |
| Nombre corporativo o de jurisdicción como elemento de entrada | Copper River International Migratory Bird Initiative |
| 710 2# - ASIENTO SECUNDARIO - NOMBRE CORPORATIVO | |
| Nombre corporativo o de jurisdicción como elemento de entrada | Forest Service US |
| Unidad subordinada | Department of Agriculture |
| 942 ## - ELEMENTOS ADICIONALES (KOHA) | |
| Sistema de clasificación | Dewey Decimal Classification |
| Tipo de ítem | Impreso |
| Withdrawn status | Lost status | Sistema de Clasificación | Damaged status | No para préstamo | Colección | Inventariado | Ubicación Permanente | Ubicación actual | Fecha de adquisición | Fuente de Valor | Valor | Total Checkouts | Número topográfico | Inventario / Código de Barras | Date last seen | Ejemplar | Price effective from | Forma de adquisición | Tipo de material |
|---|---|---|---|---|---|---|---|---|---|---|---|---|---|---|---|---|---|---|---|
| Dewey Decimal Classification | General | Inventariado 2017 | Bogotá | Bogotá | 21/03/2014 | Instituto | 39000.00 | LB-598.09861 C153p | 034271 | 21/03/2014 | Ej. 1 | 21/03/2014 | Libro | ||||||
| Dewey Decimal Classification | General | Inventariado 2017 | Bogotá | Bogotá | 21/05/2014 | Instituto | 39000.00 | LB-598.09861 C153p | 034409 | 21/05/2014 | Ej. 1 | 21/05/2014 | Libro |